000 00271nam a22000977a 4500
008 211004b ||||| |||| 00| 0 eng d
100 _aKlug, Janet
245 _aGuide to Stamp Collecting
260 _bCollins : Smithsonian
_c2008
650 _aCollecting -- Guides and Handbooks
999 _c3171
_d3171